000 00624nam a22002415a 4500
999 _c6442
_d6442
001 41149
003 GZU
005 20210422150946.0
008 920305s1990 sa 000 0 ven
010 _a 92126281
020 _a0620153954
040 _aDLC
_cDLC
050 0 0 _aPL8771
100 1 _aMafela, M. J.
245 1 0 _aDza makhululukuku /
_cM.J. Mafela, N.R. Raselekoane.
250 _a1st ed.
260 _as.l. :
_bNam Publishers,
_c1990.
300 _a87 p.
500 _aBO 95152
906 _a0
_bibc
_corignew
_d4
_encip
_f19
_gy-gencatlg
942 _2lcc
_cBK
_h8771
_iMAF
_kPL
_m025922